000 00683nam a2200241 i 4500
001 C2-0102960
003 PPAK
005 20180727100423.0
008 970604s1991 si a|||| ||||| | eng d
020 _a9810028210
040 _aPPAK
_beng
_cPPAK
_erda
082 0 4 _a778.73
_223
090 0 0 _a778.73
_bWON
_dR
100 1 _aWong, Michael Patrick,
_eauthor
245 1 0 _aSipadan :
_bBorneo's underwater paradise
264 1 _aSingapore :
_bOdyssey Pub. ,
_c1991
300 _a216 pages :
_bcolour illustrations ;
_c29 cm
336 _2rdacontent
_atext
337 _2rdamedia
_aunmediated
338 _2rdacarrier
_avolume
650 1 0 _aUnderwater photography
942 _ddc
_cB
999 _c24173
_d24173